Les différents dragons (film et serie) - Statistiques

Statistiques générales
  • Ce quiz a été pris 21 fois
  • Le résultat moyen est 12 sur 56
Statistiques - réponses
Par images Réponse % Correct
Furie Nocturne
100%
Dragon Vipère
75%
Gronk
69%
Cauchemar Monstrueux
63%
Furie éclair
63%
Aile de la mort
50%
Mort rouge
50%
ébouillantueur
38%
Icebeast
38%
Mort verte
38%
Razolame
38%
Cornebrute
31%
Répétiteur/Dramillion
31%
Buffleroi
25%
Chant Funeste
25%
Dragon Artillerie
25%
écrevasse
25%
éruptodon
25%
Mort Violette
25%
Murmure Mortel
25%
Rôtisseur
25%
Ailarmé
19%
Horreur des Mers
19%
Mille Tonnerres
19%
Souffle Fumimortel
19%
Terreur Nocturne
19%
Verenflamme
19%
Volchemar
19%
Coupeur de pluie
13%
étrigore Carmin
13%
Globegobeur
13%
Grogne Boiteur
13%
Hiddeux Braguettaure
13%
Hurlement Mortel
13%
Krachfeu
13%
Mort Grinçante
13%
Rage des neiges
13%
Serpentaile
13%
Triplattak
13%
Tronçonnator
13%
Catastrofic Dévastair
6%
Cheftaile
6%
éclair Nocturne
6%
Incrusquatteur
6%
Krokpiq
6%
Ramolave
6%
Sablokor
6%
Sentinelle
6%
Typhonmrang
6%
Vélocidard
6%
Abisse Mortifère
0%
L'Aggripemort
0%
Pelletête
0%
Snaptrapper
0%
Sous-chaiftel
0%
Stormcutter
0%
Aucun quiz correspondant
Distribution des résultats
% des personnes avec chaque résultat
Percentile par nombre de réponses
Votre historique - résultats
Vous n’avez pas pris ce quiz